000 00315nam a2200133Ia 4500
005 20251222155118.0
008 251222s9999||||xx |||||||||||||| ||spa||
082 _aMEQ. 75.5
100 _aGONZALES, M.A.
245 0 _aFundamentos de Medicina 5ta. Edición
250 _a7ma. ed.
264 _bCIB
942 _cLIB
999 _c38306
_d38306